Quizzes
Events
Quiz Creation
Community
Videos
Private Events
Remove Ads
Sign In
Join for FREE
Feedback
Dark Mode
Quiz Categories
Sports
Geography
Music
Movies
Television
Just For Fun
Miscellaneous
History
Literature
Language
Science
Gaming
Entertainment
Religion
Holiday
For Kids
Quiz Lab
Recent
Popular Today
Quiz Kudos Today
Editor Picks
Curator Picks
Quizzes by...
Day
Popularity
Type
Ratings
Length
Year
Community
Subscriptions
Recent Discussions
Orange Saloon
Badges
Playlists
Quests
Create
Leaderboards
Showdown
Live 5
Trivia Bingo
Activity
Puzzle Library
Sporcle Events
Private Events
Virtual Trivia
Globe League
Become a Host
Pub Owners
SporcleCon
Opinionation
Our Games
Videos
Blog
Mobile Apps
Partnerships
Remove Ads and Go Orange
Feedback
Sports
Athletes
MLB
NBA
NHL
NFL
Soccer
Sports Teams
WWE
NCAA
Football
Premier League
Basketball
Baseball
Hockey
Golf
Tennis
Cricket
Rugby
Auto Racing
Olympics
World Cup
Sports
Athletes
MLB
NBA
NHL
NFL
Soccer
Sports Teams
WWE
NCAA
Football
Premier League
Basketball
Baseball
Hockey
Golf
Tennis
Cricket
Rugby
Auto Racing
Olympics
World Cup
Random Quiz
Search Sporcle
×
Quiz Lab
Quiz Lab
Sports
MLB
Type in answers that appear in a list
Type in answers that appear in a list
Classic
Best Score? Go Orange.
MLB: Best Individual Seasons Stats
Can you name the Best Individual MLB Seasons (positional players) as measured by WAR?
By
JumpAroundUW
7m
51 Questions
5,551 Plays
5,551 Plays
5,551 Plays
Comments
Comments
Give Quiz Kudos
Give Quiz Kudos
-
- Ratings
hide this ad
More Info
Replay
Link that replays current quiz
Next Quiz
Link to next quiz in quiz playlist
You Got
0%
They Got
Avg Score
82%
Avg Friend Score
Upgrade to see
Score Distribution
Jump to the score distribution portion of the page
Score
0/51
Timer
07:00
0
Plays Today
Year
Player
% Correct
1923
Babe Ruth
99.5%
1921
Babe Ruth
99.5%
1920
Babe Ruth
99.5%
1927
Babe Ruth
99.5%
1926
Babe Ruth
99.5%
1924
Babe Ruth
99.5%
1931
Babe Ruth
99.5%
1928
Babe Ruth
99.5%
1930
Babe Ruth
99.5%
1919
Babe Ruth
99.5%
2001
Barry Bonds
96.3%
2004
Barry Bonds
96.3%
2002
Barry Bonds
96.3%
1996
Barry Bonds
96.3%
1993
Barry Bonds
96.3%
1927
Lou Gehrig
94.9%
1934
Lou Gehrig
94.8%
1956
Mickey Mantle
94.8%
1957
Mickey Mantle
94.8%
1961
Mickey Mantle
94.8%
1946
Ted Williams
91.6%
1941
Ted Williams
91.6%
1942
Ted Williams
91.6%
1917
Ty Cobb
89.6%
1911
Ty Cobb
89.6%
1915
Ty Cobb
89.6%
Year
Player
% Correct
1910
Ty Cobb
89.6%
1909
Ty Cobb
89.6%
1965
Willie Mays
86.1%
1962
Willie Mays
86.1%
1908
Honus Wagner
80.7%
1905
Honus Wagner
80.7%
2001
Sammy Sosa
80.4%
1924
Rogers Hornsby
77.6%
1921
Rogers Hornsby
77.6%
1929
Rogers Hornsby
77.6%
1922
Rogers Hornsby
77.6%
2000
Alex Rodriguez
76.6%
1967
Carl Yastrzemski
76%
1932
Jimmie Foxx
75.3%
2003
Albert Pujols
74.2%
1948
Stan Musial
72.7%
1975
Joe Morgan
66.4%
1974
Mike Schmidt
65%
1912
Tris Speaker
59.9%
1991
Cal Ripken
59.7%
1982
Robin Yount
55.9%
1914
Eddie Collins
43.4%
1977
Rod Carew
42.7%
1948
Lou Boudreau
25.2%
1892
Dan Brouthers
19.8%
Quiz Playlist
Details
Report
Send in Message
Add To Playlist
More Info:
Name the best single-season MLB Performances as measured by WAR (Wins above replacement) for position players (no pitchers)
Classic:
Type in answers that appear in a list
Quiz Source
Last Updated: Mar 15, 2017
Quiz Scoreboard
CHALLENGE
Sign Up to Join the Scoreboard
Show All
Scores
Hide
Comments
May contain spoilers
Recently Published
Presidents Visiting Landmarks
by Hejman
History
7m
An Introduction to Baseball
by treessimontrees
Sports
5m
Movies - When Are They Set?
by FPL_Elf
Movies
5m
More to Explore
Quiz From the Vault
Featured Blog Post
Where Did the Easter Bunny Come From?
hide this ad
You Might Also Like...
Tags
Baseball Quiz
MLB Quiz
Individual
Individual Seasons
season
Wins Above Replacement
Today's Top Quizzes in Sports
Browse Sports
hide this ad
Today's Top Quizzes in MLB
Browse MLB
Top Contributed Quizzes in Sports
1
Les meilleurs buteurs des matchs entre le PSG et l’OM
2
2022 World Cup Stars
3
FIFA Club World Cup Champions
4
Les entraîneurs de l'OM et du PSG au 21e siècle
5
Name the Premier League winners with different clubs
6
La finale Lions - Afrique du Sud 2021
7
5-to-1: UK Sports Teams
8
England Test cricketers to play under Nasser Hussain
9
Players with Multiple 50 Home Run Seasons
10
AFC Teams Reveal (Wrong Answers Minefield)
Explore More
Trending Topics
Harry Potter
Crossword
NBA
Kpop
Marvel
Disney
Anime
Soccer
Song
The Office
Puzzle
Country
WWE
NFL
Pokémon
hide this ad
More By:
JumpAroundUW
Quiz
Plays
Rating
Category
Featured
Created
50 Best MLB Players of the Next 5 Years
6,925
2.45
Sports
Jun 9, 2010
Pac-10 Conference Cities
6,440
3.62
Geography
Jan 15, 2010
MLB: Best Individual Seasons
5,551
4.16
Sports
Aug 15, 2010
Colleges Represented in Super Bowl XLIV
4,052
4.29
Sports
Feb 7, 2010
SEC (NCAA) Cities by Population
3,015
4.17
Geography
Jan 15, 2010
Go to Creator's Profile
Score Distribution
Quiz Creator Spotlight
JumpAroundUW
Follow
Send a Message
Quizzes Created
-
Created Quiz Play Count
-
More By This Creator
Popular Quizzes Today
1
Find the US States - No Outlines Minefield
2
Find the Countries of Europe - No Outlines Minefield
3
The Countries of the World
4
Find the US States
5
Popular People in 1961
6
US States
7
Risky Map Clicking: Biggest States A-Z
8
1-10 Letter E Words III
More Sports Quizzes
What Team Drafted These NHL Players (Part 1)
Quiz Lab
Trending Quizzes
Risky Map Clicking: Least Populous States A-Z
1-10 Letter G Words
1-10 Letter F Words
One Thing in Common: United Kingdom
Risky Map Clicking: Next State Alphabetically
Recently Updated
Leaping Animals
pecheneg
Reality TV Shows (A-Z)
bhenderson79
Rickey Henderson's Hall of Fame Teammates
pecheneg
Champions League XIs: Arsenal
pecheneg
Quick Pick: Celebrities in WWE's Hall of Fame
aduchscher
A-Z Keypad Blitz II
pecheneg
Multiple Oscar Actors
pecheneg
Mystery Phrase Blitz: Oscar 'Best Actors'
pecheneg
F. Scott Fitzgerald Novels
LTH
Pick 3 Villains
ddd62291
Trending Topics
Harry Potter
Crossword
NBA
Anime
Marvel
Kpop
Disney
The Office
Country
Soccer
WWE
Pokémon
NFL
Song
Puzzle
Your Account Isn't Verified!
In order to create a playlist on Sporcle, you need to verify the email address you used during registration. Go to your
Sporcle Settings
to finish the process.
Report this User
Report this user for behavior that violates our
Community Guidelines
.
Details:
Send Report
Go to the Sporcle.com Mobile Site →
Comments